Machinery's handbook guide to the use of tables and formulas : (Record no. 11582)
[ view plain ]
| 000 -LEADER | |
|---|---|
| fixed length control field | 01556pam a2200325 a 4500 |
| 001 - CONTROL NUMBER | |
| control field | 3369566 |
| 005 - DATE AND TIME OF LATEST TRANSACTION | |
| control field | 20070103161653.0 |
| 008 - FIXED-LENGTH DATA ELEMENTS--GENERAL INFORMATION | |
| fixed length control field | 880104s1988 nyua f 001 0 eng |
| 010 ## - LIBRARY OF CONGRESS CONTROL NUMBER | |
| LC control number | 87038146 |
| 020 ## - INTERNATIONAL STANDARD BOOK NUMBER | |
| International Standard Book Number | 0831112018 : |
| Terms of availability | $12.95 |
| 040 ## - CATALOGING SOURCE | |
| Original cataloging agency | DLC |
| Transcribing agency | DLC |
| Modifying agency | DLC |
| 050 00 - LIBRARY OF CONGRESS CALL NUMBER | |
| Classification number | TJ151 |
| Item number | .A448 1988 |
| 082 00 - DEWEY DECIMAL CLASSIFICATION NUMBER | |
| Classification number | 621.80212 |
| Edition number | 19 |
| Item number | MAC |
| 100 1# - MAIN ENTRY--PERSONAL NAME | |
| Personal name | Amiss, John Milton, |
| Dates associated with a name | 1887- |
| 9 (RLIN) | 4970 |
| 245 10 - TITLE STATEMENT | |
| Title | Machinery's handbook guide to the use of tables and formulas : |
| Remainder of title | hundreds of examples and test questions on the use of tables, formulas, and general data in Machinery's handbook ... / |
| Statement of responsibility, etc | by John M. Amiss, Franklin D. Jones, and Henry H. Ryffel. |
| 260 ## - PUBLICATION, DISTRIBUTION, ETC. (IMPRINT) | |
| Place of publication, distribution, etc | New York, N.Y. : |
| Name of publisher, distributor, etc | Industrial Press, |
| Date of publication, distribution, etc | c1988. |
| 300 ## - PHYSICAL DESCRIPTION | |
| Extent | x, 230 p. : |
| Other physical details | ill. ; |
| Dimensions | 19 cm. |
| 500 ## - GENERAL NOTE | |
| General note | Cover title: Machinery's handbook guide. |
| 500 ## - GENERAL NOTE | |
| General note | "23rd edition companion." |
| 500 ## - GENERAL NOTE | |
| General note | "This book should be used in conjunction with the twenty-third edition of Machinery's handbook." |
| 500 ## - GENERAL NOTE | |
| General note | Includes index. |
| 650 #0 - SUBJECT ADDED ENTRY--TOPICAL TERM | |
| Topical term or geographic name as entry element | Mechanical engineering |
| General subdivision | Handbooks, manuals, etc. |
| 9 (RLIN) | 4971 |
| 700 1# - ADDED ENTRY--PERSONAL NAME | |
| Personal name | Jones, Franklin Day, |
| Dates associated with a name | 1879-1967. |
| 9 (RLIN) | 4972 |
| 700 1# - ADDED ENTRY--PERSONAL NAME | |
| Personal name | Ryffel, Henry H. |
| 9 (RLIN) | 4973 |
| 740 0# - ADDED ENTRY--UNCONTROLLED RELATED/ANALYTICAL TITLE | |
| Uncontrolled related/analytical title | Machinery's handbook. |
| 740 0# - ADDED ENTRY--UNCONTROLLED RELATED/ANALYTICAL TITLE | |
| Uncontrolled related/analytical title | Machinery's handbook guide. |
| 942 ## - ADDED ENTRY ELEMENTS (KOHA) | |
| Source of classification or shelving scheme | Dewey Decimal Classification |
| Item type | Book - Borrowing |
| Withdrawn status | Item status | Source of classification or shelving scheme | Damaged status | Not for loan | Vendor | Home library | Current library | Shelving location | Date acquired | Source of acquisition | Cost, normal purchase price | Serial Enumeration / chronology | Total Checkouts | Full call number | Barcode | Date last seen | Koha item type |
|---|---|---|---|---|---|---|---|---|---|---|---|---|---|---|---|---|---|
| Dewey Decimal Classification | Alahram | Central Library | Central Library | First floor | 24/05/2009 | 52.80 | 72 | 621.80212 MAC | 000016199 | 15/07/2025 | Book - Borrowing | ||||||
| Dewey Decimal Classification | Alahram | Central Library | Central Library | First floor | 24/05/2009 | 52.80 | 72 | 621.80212 MAC | 000016234 | 15/07/2025 | NB - Book (Non borrowing) |